Tous les participants du ZEvent - Statistiques

Statistiques générales
  • Ce quiz a été pris 504 fois
    442 depuis la dernière actualisation
  • Le résultat moyen est 38 sur 106
Statistiques - réponses
Première participation Streamer % Correct
Projet Avengers 2016 ZeratoR
96%
ZEvent 2019 Squeezie
90%
ZEvent 2021 Michou
88%
ZEvent 2021 Inoxtag
87%
Projet Avengers 2016 Doigby
81%
ZEvent 2019 Antoine Daniel
80%
Projet Avengers 2016 Domingo
80%
ZEvent 2018 Gotaga
80%
ZEvent 2017 Mistermv
80%
ZEvent 2021 Amine
79%
ZEvent 2019 Etoiles
78%
ZEvent 2021 RebeuDeter
78%
ZEvent 2019 Joueur du Grenier
77%
ZEvent 2020 Ponce
77%
ZEvent 2018 Kameto
73%
ZEvent 2018 Locklear
73%
ZEvent 2020 Ultia
73%
ZEvent 2018 Maghla
72%
Projet Avengers 2016 Jiraya
66%
ZEvent 2017 MoMaN
65%
ZEvent 2019 LittleBigWhale
64%
ZEvent 2019 Baghera Jones
63%
Projet Avengers 2016 Xari
63%
ZEvent 2022 Horty
61%
ZEvent 2021 AngleDroit
58%
Projet Avengers 2016 Jeel
58%
ZEvent 2020 Rivenzi
57%
ZEvent 2017 Sardoche
56%
ZEvent 2017 Laink
54%
ZEvent 2017 AlphaCast
52%
ZEvent 2018 Terracid
52%
Projet Avengers 2016 DFG
49%
ZEvent 2020 JLTomy
49%
ZEvent 2017 Kenny
49%
ZEvent 2021 Mynthos
48%
ZEvent 2018 Kotei
47%
ZEvent 2020 DamDam
46%
ZEvent 2019 Gom4rt
45%
Projet Avengers 2016 Dach
43%
Projet Avengers 2016 LRB
42%
ZEvent 2020 LeBouseuh
40%
ZEvent 2021 Bob Lennon
39%
ZEvent 2020 JLAmaru
38%
ZEvent 2018 Trinity
36%
ZEvent 2017 Gius
35%
ZEvent 2022 AVAMind
34%
ZEvent 2020 Deujna
34%
ZEvent 2018 Mickalow
34%
ZEvent 2019 Befreesh
32%
Projet Avengers 2016 Lapi
32%
ZEvent 2017 Alderiate
30%
ZEvent 2018 Chap
30%
ZEvent 2017 Lutti
30%
ZEvent 2022 Tonton
28%
Projet Avengers 2016 Aypierre
27%
ZEvent 2019 CarlJr
27%
Projet Avengers 2016 GoB
27%
ZEvent 2020 Jbzz
26%
ZEvent 2020 Jean Massiet
26%
ZEvent 2021 Chowh1
25%
ZEvent 2022 Skyyart
25%
ZEvent 2018 Wakz
24%
Projet Avengers 2016 Lege
23%
ZEvent 2022 Bigflo
21%
ZEvent 2020 TPK
21%
ZEvent 2021 Alexclick
20%
ZEvent 2019 Master Snakou
19%
Projet Avengers 2016 Narkuss
18%
ZEvent 2022 Shisheyu
18%
ZEvent 2019 Zack Nani
18%
ZEvent 2017 Aayley
17%
ZEvent 2017 Bestmarmotte
16%
ZEvent 2022 Bren
16%
ZEvent 2022 Oli
16%
ZEvent 2022 PapeSan
16%
ZEvent 2017 Hexakil
15%
ZEvent 2021 JLFake
14%
ZEvent 2019 Wingobear
14%
ZEvent 2017 Benzaie
12%
ZEvent 2021 Camak
12%
ZEvent 2018 Nyo
12%
ZEvent 2022 Berlu
11%
ZEvent 2022 Shaunz
11%
ZEvent 2017 Zankioh
11%
ZEvent 2022 Altair
10%
ZEvent 2017 Diabalzane
10%
ZEvent 2020 Kao
10%
ZEvent 2018 Mizu
10%
ZEvent 2017 Nono
9%
ZEvent 2019 Aiekillu
8%
ZEvent 2020 Junpei
8%
ZEvent 2022 Skyrroz
8%
ZEvent 2017 ImSoFresh
7%
Projet Avengers 2016 Tweekz
7%
ZEvent 2022 BlitzStream
6%
ZEvent 2019 Odemian
5%
ZEvent 2019 Tio
5%
ZEvent 2022 Ceb
4%
ZEvent 2022 NBK
4%
ZEvent 2022 Un33D
4%
Projet Avengers 2016 BlueLondon
3%
ZEvent 2019 Oono
3%
ZEvent 2017 Mamytwink
2%
ZEvent 2020 Koka
1%
ZEvent 2017 Velahan
1%
ZEvent 2017 Zecharia
1%
Aucun quiz correspondant
Distribution des résultats
% des personnes avec chaque résultat
Percentile par nombre de réponses
Votre historique - résultats
Vous n’avez pas pris ce quiz depuis la dernière actualisation